Súbor polyfunkčných bytových domov - Cvernovka
Saved in:
| Main Author: | |
|---|---|
| Other Authors: | |
| Format: | Manuscript Book |
| Language: | Slovak |
| Published: |
Bratislava
2016
|
| Subjects: | |
| Online Access: | http://is.stuba.sk/zp/portal_zp.pl?podrobnosti=121622 |
| Tags: |
No Tags, Be the first to tag this record!
|
MARC
| LEADER | 00000ntm a22000003a 4500 | ||
|---|---|---|---|
| 001 | stuzp57078 | ||
| 003 | SK-STU | ||
| 005 | 20210223100208.7 | ||
| 007 | ta | ||
| 008 | 150427s2015----xo-----f-mn---000-0-slo-d | ||
| 040 | |a STU |b slo | ||
| 041 | 0 | |a slo | |
| 100 | 1 | |a Feriancová, Nina |u 051110 |4 aut |U FAD Fakulta architektúry |T FA Ústav architektúry obytných budov |X 43301 |U A1110 |Y 392 |7 A000043301 | |
| 242 | 0 | 1 | |a Multifunctional Residental Housing - Cvernovka |y eng |
| 245 | 1 | 0 | |a Súbor polyfunkčných bytových domov - Cvernovka |
| 260 | |c 2016 |a Bratislava | ||
| 650 | 4 | |a urbanisticko-architektonická štúdia |2 slo | |
| 650 | 4 | |a konverzia |2 slo | |
| 650 | 4 | |a symbióza |2 slo | |
| 650 | 4 | |a symbiosis |2 eng | |
| 650 | 4 | |a urban planning and architectural structure |2 eng | |
| 650 | 4 | |a conversion |2 eng | |
| 700 | 1 | |a Pavúk, Ján |u 051110 |k Z1 |4 ths |U FAD Fakulta architektúry |T FA Ústav architektúry obytných budov |X 38065 |U A1110 |Y 392 |7 A000038065 | |
| 856 | 4 | |u http://is.stuba.sk/zp/portal_zp.pl?podrobnosti=121622 |u https://opac.crzp.sk/?fn=detailBiblioForm&sid=FFEED6484134604A3C73ABB88729 | |
| SQL | |a stuzp57078 |b DDP |c SLO |d Súbor polyfunkčných bytových domov - Cvernovka |e 43301 |f Feriancová, Nina |g 051110 |h 38065 |i Pavúk, Ján |j 20160602 |k 153 |l 05 |m http://is.stuba.sk/zp/portal_zp.pl?podrobnosti=121622 |n I-ARCH |o 5.1.1. architektúra a urbanizmus | ||